| 000 | 00880nam a22002657a 4500 | ||
|---|---|---|---|
| 999 |
_c1181 _d1181 |
||
| 003 | AR-CdUCM | ||
| 008 | 190226b ||||| |||| 00| 0 spa d | ||
| 040 |
_aMUNICIPALIDAD PROVINCIAL DEL CUSCO _cBIBLIOTECA MUNICIPAL DEL CUSCO |
||
| 082 |
_a808.83 / _bSH47 |
||
| 100 |
_aShakespeare _927145 |
||
| 110 |
_aEdiciones Algaba _94630 |
||
| 245 |
_aObras Inmortales : _cHamlet / _bHamlet / |
||
| 260 |
_aMadrid : _bEdiciones Algaba, _c1960. |
||
| 300 |
_a1583 paginas ; _bil, _c20cm. |
||
| 500 | _aShakerspeare | ||
| 505 | _aRetrato Biografico --El Mercader -- Otelo -- Julio Cesar -- Cuentos de Invierno... | ||
| 650 |
_aPlan Lector _94631 |
||
| 650 |
_aTeatro Ingles _91016 |
||
| 650 |
_aAdaptaciones _91309 |
||
| 700 |
_aHuerta Tejada, Felix _94632 |
||
| 700 |
_aPrieto, Blanco _94633 |
||
| 700 |
_aMarquez, José A. _94634 |
||
| 942 |
_2ddc _cLIBROS |
||
| 945 |
_apjha _d2019-02-26 |
||